|
|
|
|
| LEADER |
00982nam a22002537a 4500 |
| 001 |
37892 |
| 003 |
BD-DhAAL |
| 008 |
220301t1996 ii ||||| b||| 00| 0 eng d |
| 999 |
|
|
|c 43629
|d 43629
|
| 020 |
|
|
|a 8171566359
|
| 040 |
|
|
|a BD-DhAAL
|
| 082 |
|
|
|a 370.19
|
| 100 |
|
|
|a Chandra, Soti Shivendra
|9 46291
|
| 245 |
|
|
|a Sociology of education /
|c Soti Shivendra Chandra; Rajendra K. Sharma
|
| 260 |
|
|
|a New Delhi :
|b Atlantic Pub.,
|c c1996.
|
| 300 |
|
|
|a vi, 312 pages ;
|c 22 cm.
|
| 504 |
|
|
|a Includes bibliographical references (pages [307]-312).
|
| 526 |
|
|
|a BIED
|
| 541 |
|
|
|a Complimentary copy from BIED
|e 37892
|
| 650 |
|
|
|a Educational sociology.
|9 46292
|
| 700 |
|
|
|a Sharma, Rajendra K.
|9 46293
|
| 852 |
|
|
|a Ayesha Abed Library
|c BIED Collection
|
| 942 |
|
|
|2 ddc
|c BK
|
| 952 |
|
|
|0 0
|1 0
|2 ddc
|4 0
|6 370_190000000000000_CHA
|7 0
|9 69951
|a BRACUL
|b BRACUL
|c GEN
|d 2022-03-01
|e Complimentary copy from BIED
|l 0
|o 370.19 CHA
|p 3010037892
|r 2022-03-01
|t 1
|w 2022-03-01
|y BK
|x Transferred from BIED to General Stacks
|